Mixed Word: First/Last Letter E Quiz Stats

 Plays Quiz Updated Jul 31, 2013

Challenge
Share
Tweet
Embed
Score 0/18 Timer 03:00
0 Plays Today
Scrambled Center 6-Letter Word % Correct
MINGenigma
92.7%
BARMembark
90.8%
NEXTextend
89.1%
GERMemerge
88.9%
LUNGengulf
86.2%
GONGeggnog
82.4%
RANTentrap
80.5%
MONTentomb
80.1%
MEANenamel
79.9%
Scrambled Center 6-Letter Word % Correct
SINGensign
77.8%
TRIOerotic
73.4%
ERGSegress
70.3%
ORCSescrow
68.3%
PONYeponym
62.6%
SAILeasily
61.2%
MOANenamor
56.7%
RIPSesprit
55.8%
STARersatz
38.8%

You're not logged in!

Compare scores with friends on all Sporcle quizzes.
OR
Log In

You Might Also Like...

Show Comments

Extras

Top Quizzes Today


Score Distribution

Your Account Isn't Verified!

In order to create a playlist on Sporcle, you need to verify the email address you used during registration. Go to your Sporcle Settings to finish the process.

Report this User

Report this user for behavior that violates our Community Guidelines.

Details: